000 00737nam a22002177a 4500
999 _c15350
_d15350
003 AR-CdUCM
008 190426b ||||| |||| 00| 0 spa d
040 _aMUNICIPALIDAD PROVINCIAL DEL CUSCO
_cBIBLIOTECA MUNICIPAL DEL CUSCO
082 _aEP / 372 /
_bF38
100 _aFernandez Urcelay, R.
_934395
245 _aSiete relatos infantiles... :
_b... basado en las siete obras de misericordia corporales /
260 _aBilbao :
_bCantabrica,
_c1959.
300 _a25 paginas ;
_bIlustraciones, graficos, dibujos
_c25 cm.
500 _aRelatos para niƱos
650 _aRelatos
_9195
650 _aHistorias
_92725
650 _aCuentos
_9217
700 _aHorna y Mantho
_934396
942 _2ddc
_cLIBROS
945 _apjha
_d2019-04-26